000 00777nam a2200253Ia 4500
003 GCL
008 140319s9999 xx 000 0 ara d
040 _aGCL /
_cGCL
082 0 4 _a301.16
_bل س
100 1 _aهاشم صالح
245 1 0 _aسيكولوجية الجماهير الفكر الغربى الحديث /
_cهاشم صالح
700 1 _aلوبون جوستاف
260 _a[S.N] :
_bدار الساقى ،
_c1991
300 _a223 ص
490 _a
650 0 4 _aعلم النفس
650 0 4 _aالاجتماع
650 0 4 _aالعلاقات العامة
650 0 4 _aالاتصال
650 0 4 _aعلم النفس الاجتماعى
650 0 4 _aالوعى الاجتماعى
650 0 4 _aقياس الرأى العام
942 _2ddc
_cBK
999 _c27887
_d27887